Pokémon - Les attaques de Granivol - Statistiques

Statistiques générales
  • Ce quiz a été pris 16 fois
    6 depuis la dernière actualisation
  • Le résultat moyen est 16 sur 19
Statistiques - réponses
Niveaux Types Noms des attaques % Correct
Niveau 12 Plante Balle Graine
100%
Niveau 8 Normal Charge
100%
Niveau 29 Insecte Demi-Tour
100%
Niveau 6 Normal Mimi-Queue
100%
Niveau 10 Plante Para-Spore
100%
Niveau 10 Plante Poudre Dodo
100%
Niveau 10 Poison Poudre Toxik
100%
Niveau 35 Vol Rebond
100%
Niveau 4 Plante Synthèse
100%
Niveau 15 Plante Synthèse
100%
Départ Normal Trempette
100%
Niveau 19 Plante Vampigraine
100%
Niveau 24 Vol Acrobatie
75%
Niveau 32 Plante Giga-Sangsue
75%
Niveau 22 Plante Méga-Sangsue
75%
Niveau 10 Fée Vent Féérique
75%
Niveau 38 Ténèbres Souvenir
50%
Départ Plante Vole-Vie
50%
Niveau 27 Plante Spore Coton
25%
Aucun quiz correspondant
Distribution des résultats
% des personnes avec chaque résultat
Percentile par nombre de réponses
Votre historique - résultats
Vous n’avez pas pris ce quiz depuis la dernière actualisation